000 01067nam a22003257a 4500
003 CHAP
005 20220329143322.0
008 080610d2007 mx r 00110 spa d
010 _a94909
011 _a95881
020 _a9680201263
035 _a106514
040 _cCHAP
090 _aFolleto 17354
100 0 0 _aValdovinos Chávez, Víctor Rafael.
_9117389
245 1 0 _aCálculo de variaciones
_c/por Víctor Rafael Valdovinos Chávez
260 _aChapingo, Méx. :
_bUACH. División de Ciencias Económico Administrativas,
_c2007
300 _a34 p.
490 0 _aSerie : Programación Matemática
590 _aBATCH-UPD
_b10
_c20130110
_lUCH01
_h1638
590 _aBATCH-UPD
_b10
_c20130410
_lUCH01
_h1029
590 _aBATCH-UPD
_b10
_c20130914
_lUCH01
_h0953
590 _aCONVERSION
_b10
_c20130109
_lUCH01
_h1352
650 1 4 _aCálculo de variaciones.
_923992
830 0 _aSerie : Programación Matemática
_9104575
901 _aBK
911 _aen proceso
942 _cFOLL
949 _aFolleto 17354
_bBC
_cUACH
_d33724002055538
_eUACH
_i106514
_sb
999 _c94909
_d94909